Dohovor Medzinárodnej organizácie práce o minimálnom veku na prijatie do zamestnania Oznámenie Ministerstva zahraničných vecí Slovenskej republiky č. 341/1998 Z.z.

Prijatie Dohovoru Medzinárodnej organizácie práce o minimálnom veku na prijatie do zamestnania č. 138. Dohovor nadobudol platnosť pre Slovenskú republiku 29. septembra 1998. Oznámenie MZV SR č. 341/1998 Z.z. Znenie Dohovoru Medzinárodnej organizácie práce o minimálnom veku na prijatie do zamestnania...

Descrizione completa

Salvato in:
Dettagli Bibliografici
Natura: Capitolo di libro
Lingua:slovacco
Soggetti:
Tags: Aggiungi Tag
Nessun Tag, puoi essere il primo ad aggiungerne!!

MARC

LEADER 00000naa a2200000 4500
001 r033801
005 20230926073035.0
041 0 |a slo 
044 |a SK 
245 1 0 |a Dohovor Medzinárodnej organizácie práce o minimálnom veku na prijatie do zamestnania  |b Oznámenie Ministerstva zahraničných vecí Slovenskej republiky č. 341/1998 Z.z. 
520 |a Prijatie Dohovoru Medzinárodnej organizácie práce o minimálnom veku na prijatie do zamestnania č. 138. Dohovor nadobudol platnosť pre Slovenskú republiku 29. septembra 1998. Oznámenie MZV SR č. 341/1998 Z.z. Znenie Dohovoru Medzinárodnej organizácie práce o minimálnom veku na prijatie do zamestnania č. 138 z roku 1973. 
610 2 0 |a MOP 
610 2 0 |a práca 
610 2 0 |a mladiství 
610 2 0 |a zmluvy medzinárodné 
610 2 0 |a Slovensko 
610 2 0 |a MZV SR Bratislava 
610 2 0 |a ratifikácia 
610 2 0 |a 1998